An Investigation into Linguistic Features of Enumeration in English and Vietnamese /

Đã lưu trong:
Bibliografiske detaljer
Hovedforfatter: Trần Thị Thơm
Andre forfattere: Tran Quang Hai Ph.D huong dan
Format: Ukendt
Sprog:English
Udgivet: 2010.
Fag:
Tags: Tilføj Tag
Ingen Tags, Vær først til at tagge denne postø!
Thư viện lưu trữ: Mạng thư viện Đại học Đà Nẵng
LEADER 01284na a2200349 4500
001 000031766
003 7134
005 20221224152937.0
008 151001s2010 000 eng
040 |a LNN 
041 |a eng 
082 |a 420.4  |b TR-T 
100 |a Trần Thị Thơm 
245 3 |a An Investigation into Linguistic Features of Enumeration in English and Vietnamese /  |c Trần Thị Thơm. 
260 |c 2010. 
300 |a 107tr. : mh ; 30cm. 
500 |a M.A. thesis in the English language. 
630 4 |a The English language. 
650 |a An Investigation into Linguistic Features of Enumeration in English and Vietnamese, Linguistic , 2010 
700 |a Tran Quang Hai  |b Ph.D  |c huong dan 
852 |c Luận văn Thạc sĩ 
OWN |a LNN 
AVA |a UDN50  |b LNN  |c English  |d 420.4 TR-T  |e available  |t Error 5001 Not defined in file expand_doc_bib_avail.  |f 1  |g 0  |h N  |i 0  |j AN  |k 1 
999 |a From the UDN01 
AVA |a UDN50  |b LNN  |c English  |d 420.4 TR-T  |e available  |t Error 5001 Not defined in file expand_doc_bib_avail.  |f 1  |g 0  |h N  |i 0  |j AN  |k 1 
TYP |a Printed language 
980 |a Mạng thư viện Đại học Đà Nẵng